| 000 | 00664nam a2200217Ia 4500 | ||
|---|---|---|---|
| 008 | 191130s1999##################000#0#eng## | ||
| 020 | _a9780849318580 | ||
| 022 | _a98035043 | ||
| 040 |
_aACL _cACL |
||
| 082 | _a006.7 FUR | ||
| 245 |
_aHandbook of Internet and multimedia systems and applications _ceditor-in-chief, Borko Furht |
||
| 260 |
_aBoca Raton, FL _bCRC Press _cc1999 |
||
| 300 | _axvi, 872 p. : ill. ; 27 cm | ||
| 500 | _aIncludes bibliographical references and index | ||
| 650 | _aInternet | ||
| 650 | _aMultimedia systems | ||
| 700 | _aFurht, Borivoje | ||
| 990 | _ad6884fcfac10000c4ab5468e02bbaeea | ||
| 991 | _a118413 | ||
| 999 |
_c200497 _d200497 |
||